A short history of the French people / (Record no. 64980)
[ view plain ]
| 000 -LEADER | |
|---|---|
| fixed length control field | 00684nam a2200229 a 4500 |
| 001 - CONTROL NUMBER | |
| control field | 64980 |
| 003 - CONTROL NUMBER IDENTIFIER | |
| rucl marc code | BD-RjUL |
| 005 - DATE AND TIME OF LATEST TRANSACTION | |
| control field | 20211209081356.0 |
| 008 - FIXED-LENGTH DATA ELEMENTS--GENERAL INFORMATION | |
| fixed length control field | 170226s1930 enk 000 0 eng u |
| 035 ## - SYSTEM CONTROL NUMBER | |
| System control number | (BD-RjUL)65110 |
| 040 ## - CATALOGING SOURCE | |
| Original cataloging agency | BD-RjUL |
| Modifying agency | BD-RjUL |
| Language of cataloging | eng |
| Transcribing agency | BD-RjUL |
| 041 ## - LANGUAGE CODE | |
| Language code of text/sound track or separate title | eng |
| 082 ## - DEWEY DECIMAL CLASSIFICATION NUMBER | |
| Edition number | 23 |
| Classification number | 944 |
| Author mark and year | GUS 1930 |
| 100 1# - MAIN ENTRY--PERSONAL NAME | |
| Personal name | Guignebert, Charles, |
| Dates associated with a name | 1867-1939. |
| 9 (RLIN) | 192645 |
| 245 02 - TITLE STATEMENT | |
| Title | A short history of the French people / |
| Statement of responsibility, etc. | by Charles Guignebert. Translated by F. G. Richmond |
| 260 ## - PUBLICATION, DISTRIBUTION, ETC. (IMPRINT) | |
| Place of publication, distribution, etc. | London : |
| Name of publisher, distributor, etc. | G. Allen & Unwin Ltd, |
| Date of publication, distribution, etc. | 1930 |
| 300 ## - PHYSICAL DESCRIPTION | |
| Pagination | v. |
| Size | 25 cm |
| 505 0# - FORMATTED CONTENTS NOTE | |
| Formatted contents note | Vol. 2 -- |
| 651 #0 - SUBJECT ADDED ENTRY--GEOGRAPHIC NAME | |
| Geographic name | France |
| General subdivision | History. |
| 9 (RLIN) | 192646 |
| 700 1# - ADDED ENTRY--PERSONAL NAME | |
| Personal name | Richmond, F. G. |
| 942 ## - ADDED ENTRY ELEMENTS (KOHA) | |
| Source of classification or shelving scheme | Dewey Decimal Classification |
| Koha item type | Books |
| Lost status | Source of classification or shelving scheme | Damaged status | Not for loan | Collection code | Permanent Location | Current Location | Shelving location | Date acquired | Source of acquisition | Cost, normal purchase price | Total Checkouts | Full call number | Date last seen | Copy number | Koha item type |
|---|---|---|---|---|---|---|---|---|---|---|---|---|---|---|---|
| Dewey Decimal Classification | Not For Loan | Non-fiction | Central Library, University of Rajshahi | Central Library, University of Rajshahi | Reading Room | 04/10/1955 | B.H. Blackwell | 2.10 | 944 GUS 1930 | 26/02/2017 | C-1 | Books |